000 00466nam a2200157 4500
001 116414
003 ES-MaACL
005 20230906190713.0
007 t|
008 061121s1936 sp r ||||1| spa d
100 1 _aOssorio Morales, Juan.
_987800
245 1 4 _aLas servidumbres personales
_b: (ensayo de sistematización) /
_cJuan Ossorio Morales.
260 _aMadrid :
_bGalo Sèz,
_c1936.
300 _a176 p. ;
_c20 cm.
852 _aES-MaACL
_jA-5242
_bR.18317
999 _c116414
_d116414